000 00808nam a2200289 a 4500
003 AR-BaBNM
005 20251128205113.0
008 082120s2002 ||||||||||||||000 | spa||
020 _a950-25-0094-6
040 _cAR-BaBNM
100 1 _aVazeilles, José Gabriel
245 0 0 _aLa ideología oligárquica y el terrorismo de Estado
260 _aBuenos Aires
_bCentro Editor de América Latina
_c1985
300 _a124 p.
490 0 _aBiblioteca política argentina
_vv. 95
650 4 _aHISTORIA DE LAS IDEAS
650 4 _aPOLITICA
650 4 _aIDEOLOGIAS POLITICAS
650 4 _aHISTORIA POLITICA
650 4 _aCULTURAS DOMINANTES
650 4 _aCONFLICTO DE CLASES
650 4 _aELITE
651 4 _aArgentina
800 1 _aTroncoso, Oscar
_edirector
942 _cBK
998 _cEnrique
999 _c10006
_d10006